[Event "Norway Chess 2nd"]
[Site "Stavanger"]
[Date "2014.06.12"]
[Round "8"]
[White "Aronian, Levon"]
[Black "Caruana, Fabiano"]
[Result "1/2-1/2"]
[WhiteElo "2815"]
[BlackElo "2791"]
[Annotator "Sumets,A"]
[PlyCount "75"]
[EventDate "2014.06.03"]
[EventType "tourn"]
[EventRounds "9"]
[EventCountry "NOR"]
[EventCategory "21"]
[SourceTitle "CBM 161"]
[Source "ChessBase"]
[SourceDate "2014.07.16"]
[SourceVersion "1"]
[SourceVersionDate "2014.07.16"]
[SourceQuality "1"]

1. Nf3 c5 2. c4 Nc6 3. Nc3 e5 4. e3 Nf6 5. d4 e4 (5... cxd4 6. exd4 e4 7. Ne5 {
see the game Aronian,L-Caruana,F/Tata Steel-A 2012, which is annotated by
Marin, M} (7. Ng5 Bb4)) 6. d5 (6. Ne5 g6 7. b3 $6 {is premature because of} (7.
Rb1 Bg7 (7... h5 {Kramnik,V (2785)-Grischuk,A (2747) Kazan 2011 1/2 (65) CBM
143 [Marin,M]}) 8. Nxc6 dxc6 9. dxc5 Qxd1+ 10. Kxd1 (10. Nxd1 Nd7 11. Bd2 a5
12. Bc3 Bxc3+ 13. Nxc3 {1/2 (13) Buhmann,R (2578)-Hamdouchi,H (2602) Haguenau
2013}) 10... O-O 11. Be2 Re8 12. Kc2 Re5 13. b4 Rg5 14. g3 (14. Rg1 a5 15. a3
axb4 16. axb4 Bh3 17. Bf1 Be6 $44) 14... Bh3 15. Bf1 Be6 16. Bb2 Rf5 17. Nd1
Ng4 18. Be2 h5 19. h4 Nxf2 (19... a5 $1 20. a3 axb4 21. axb4 Nxf2 22. Rf1 Nxd1
23. Rbxd1 Rxf1 24. Bxf1 Bg4 25. Rb1 f5 $15) 20. Rf1 $11 {Wang Hao (2735)
-Grischuk,A (2783) Beijing CHN 2013 1/2 (36)}) (7. g4 $5 {I don't think that
it would be approved of by Tarrasch or Nimzowitsch.} h6 8. Bg2 Bg7 9. O-O (9.
h4 cxd4 $6 10. exd4 d5 11. g5 hxg5 12. hxg5 Rxh1+ 13. Bxh1 Nh5 14. cxd5 $6 (14.
Qa4 $1 Bd7 (14... Bxe5 15. cxd5 $1 Bg7 16. dxc6 $16) 15. Nxd7 Qxd7 16. Be3 Nxd4
17. Qxd7+ Kxd7 18. O-O-O $16) 14... Nxe5 15. dxe5 Bxe5 16. Be3 $14 {Buhmann,R 
(2569)-Bosiocic,M (2542) Wolfsberg AUT 2014 1/2 (44)}) 9... Qe7 10. f4 exf3 11.
Qxf3 O-O 12. Nxc6 dxc6 13. h3 h5 $15 {Fridman,D (2602)-Almasi,Z (2707) 0-1 (42)
Rapid Bastia 2013}) 7... cxd4 8. exd4 Qa5 $36 {The rook will prove useful on
b1 in many situations (Marin,M).}) 6... exf3 7. dxc6 bxc6 ({It is not easy to
prove White's superiority after} 7... dxc6 $5 8. Qxd8+ (8. Qxf3 $6 Bg4 9. Qg3
Bd6 10. Qh4 O-O $15) 8... Kxd8 9. gxf3 g6 10. b3 Bg7 11. Bb2 Ke7 12. O-O-O (12.
Ne4 $5 b6 13. O-O-O Be6 $11) 12... Be6 13. Bd3 Rhd8 14. Kc2 Rd7 $11 {Ju,W 
(2544)-Muzychuk,A (2585) 1/2 (39) Geneve 2013}) 8. e4 $5 $146 (8. Qxf3 Bd6 9.
g4 $5 {I'm not sure about the right assessement of the last move but at least
it makes the game much more interesting than after the boring 9.Ne4=} O-O 10.
Bd3 Rb8 11. h4 Be5 $2 (11... g6 $1 12. Rb1 Be5 13. g5 Nh5 14. O-O d6 $15) 12.
g5 Bxc3+ 13. bxc3 Ne8 14. Qf5 g6 15. Qxc5 $16 {Georgiev,V (2538)-Yemelin,V 
(2540) Hamburg 2000 0-1 (34)}) 8... Qc7 ({Fabiano could take the pawn but in
that case he would have had to play very precisely against a well-prepared
opponent.} 8... fxg2 9. Bxg2 $44 Qc7 10. O-O d6 (10... Qe5 $5 11. Be3 (11. f4
$6 Qd4+) 11... Qe6 12. Qe2 Be7 13. f4 Ba6 14. b3 O-O 15. Rad1 $44) 11. f4 Be7 (
11... Bg4 $5 12. Qd3 O-O-O {On the queenside Black's king doesn't feel
comfortable but he has no choice.} (12... Be7 $6 13. e5 dxe5 14. fxe5 Nd7 15.
Qg3 Be6 16. Nd5 $1 $16)) 12. e5 dxe5 13. fxe5 Ng4 14. Bf4 $40 {Black is in
danger.}) 9. gxf3 $1 {The point of e4.} (9. Qxf3 $6 Bd6 10. g3 (10. Be3 $6 Rb8
11. b3 Be5 12. Bd2 O-O $17) 10... O-O 11. Bg2 Be5 12. O-O d6 $15) 9... g6 {
This move looks a bit strange. Due to the weakness on d6, it is unlikely that
he can afford to develop the bishop on g7.} (9... d6 10. Bf4 Be7 11. Qd2 O-O
12. O-O-O Rd8 13. Rg1 $40) (9... Be7 10. Be3 d6 11. Rg1 g6 12. Qd2 Be6 13.
O-O-O O-O-O 14. Bd3 Nd7 15. f4 Nb6 16. b3 $14) 10. Be3 d6 11. Qd2 Be6 12. O-O-O
Nd7 $6 {Now White can play Nd5.} (12... O-O-O) 13. f4 $6 (13. Nd5 $1 {It seems
to me that Black is in danger.} Qb7 (13... cxd5 14. cxd5 Bxd5 15. Qxd5 Rb8 16.
a4 $1 Qb6 17. Bb5 $16) (13... Bxd5 14. cxd5 Rb8 (14... Bg7 $2 15. dxc6) 15. Qc3
Rg8 16. dxc6 Qxc6 17. b3 Bg7 18. Qd2 Rb6 19. Kb1 $16) 14. Nf4 Ne5 15. Nxe6 fxe6
16. Be2 Nf7 17. f4 Bg7 18. h4 O-O 19. h5 Rfb8 20. b3 a5 21. hxg6 hxg6 22. Rdg1
$16 {White is the first who threatens the opponent's king.}) 13... O-O-O 14.
Rg1 $14 f5 15. exf5 $1 gxf5 ({Probably} 15... Bxf5 {was stronger but he would
still have problem after} 16. Bd3 Be6 17. Qc2 Kb8 18. h4 Nb6 19. b3 d5 20. f5
gxf5 21. Bxf5 $14) 16. Qe2 Rg8 $2 {Black simply loses a pawn without
compensation} (16... Nb6 $2 17. Bxc5 $1 $16 Bf7 (17... Bxc4 $2 18. Bxb6 $18)
18. Bd4 Bh6 (18... Bxc4 $2 19. Qh5 $18) 19. Bxh8 Bxf4+ 20. Kb1 Rxh8 21. Qc2 $16
) ({The strongest continuation is} 16... Re8 $1 17. Qd3 (17. Qc2 Kb8 18. Kb1
Nb6 19. b3 Qb7 20. Ka1 Rg8 $132) 17... Kb8 18. b3 Nf6 (18... Nb6 19. Be2 Be7
20. Bf3 $13) 19. Kb1 Ng4 20. Rg2 Nxe3 21. fxe3 Rd8 $13) (16... Kb8 17. Kb1 Re8
18. Bh3 $5 (18. Qc2 Nb6 19. b3 Qb7) 18... Nf6 19. Qd3 Qf7 20. b3 $14) 17. Rxg8
Bxg8 18. Qd3 Nb6 ({He could have tried} 18... Be6 $5 19. Bh3 Nb6 20. Bxf5 Bxf5
21. Qxf5+ Qd7 22. Qc2 $5 (22. Qxd7+ Rxd7 23. b3 d5 24. cxd5 cxd5 25. Bd2 $14 {
the endgame is rather drawish}) 22... Qf7 23. b3 d5 24. cxd5 cxd5 25. f5 $14
Re8 (25... d4 $6 26. Bg5 Re8 27. Ne4 $16) 26. Bf4 Kb7 27. a4 $14) 19. Qxf5+ Kb7
20. b3 d5 21. Qd3 Qg7 $6 {A dubious decision.} ({He should have centralised
his pieces with} 21... Bd6 $1 22. cxd5 Nxd5 (22... cxd5 $2 23. Qa6+ Ka8 24. Nb5
Qe7 25. Bg2 Be6 26. b4 $1 $18) 23. Nxd5 Bxd5 24. f5 Qg7 25. Kb1 Qe5 26. f4 $1 (
26. Qc2 $2 Be7 $19 {and unexpectedly Black is winning} 27. Bd3 Bf6 28. Kc1 Bf3
29. Rd2 (29. Rf1 Rxd3) 29... Rg8 $1 $19) 26... Qe8 27. Qc3 $14) 22. cxd5 Nxd5
23. Qa6+ Kb8 24. Qa5 $1 Be7 25. Bc4 Nxe3 26. fxe3 (26. Rxd8+ $6 Bxd8 27. Qxd8+
Kb7 28. Qd3 Nxc4 29. bxc4 Qd4 30. Qxd4 cxd4 $11 {Black is not worse} 31. Ne4
Kb6 $5 (31... Kc7 32. Nd2 c5 33. Kd1 Be6 $44) 32. Nf6 Bxc4 33. Nxh7 Bxa2 34. h4
a5 35. h5 a4 36. h6 a3 37. Nf6 Bg8 $8 38. Nxg8 a2 39. Kb2 d3 40. h7 d2 41. h8=Q
d1=Q 42. Kxa2 Qd5+ 43. Kb2 Qd2+ 44. Ka3 Qd3+ 45. Ka2 Qd5+ $1 $11) 26... Rxd1+
27. Nxd1 $16 Bd5 28. Bxd5 (28. Qc3 $5 Bf6 29. Qd3 {stabilising the position}
Bxc4 (29... Bg2 30. Qd6+) 30. Qxc4 Qe7 31. e4 Bd4 32. Qg8+ Kc7 33. e5 $16 {
White should win the game.}) 28... cxd5 29. Nc3 $6 ({First Levon had to
centralise the queen:} 29. Qb5+ $1 Kc7 30. Qa6 Kb8 31. Qe6 d4 (31... Qa1+ 32.
Kc2 Qxa2+ 33. Nb2 $18) 32. e4 Bd8 33. Qe8 Qf6 34. f5 $16 {with excellent
chances to win the game.}) 29... Qg1+ 30. Kb2 $2 {This leads to a forced draw.}
(30. Kd2 Qxh2+ 31. Ne2 Qh1 32. Qb5+ Kc7 33. Qa6 Bh4 34. Qxa7+ Kd6 35. Qb6+ Kd7
{Black has good chances for a draw} 36. Kc2 Qg2 37. Qb7+ Kd6 38. Qa6+ Kc7 39.
Qd3 Kd6 $14) 30... Qf2+ ({Why didn't he take the pawn?} 30... Qxh2+ $11) 31.
Ka3 Qd2 $1 $11 32. f5 Kb7 33. Qb5+ Kc7 34. Qe8 Bd6 35. Qf7+ (35. Nb5+ Kb6 36.
Nxd6 Qa5+ 37. Kb2 Qd2+ $11) 35... Kc6 36. Qe8+ Kc7 37. Qf7+ Kc6 38. Qe8+
1/2-1/2

[Event "Poikovsky Karpov 17th"]
[Site "Poikovsky"]
[Date "2016.07.24"]
[Round "2"]
[White "Jakovenko, Dmitrij"]
[Black "Sutovsky, Emil"]
[Result "0-1"]
[WhiteElo "2712"]
[BlackElo "2622"]
[Annotator "Sutovsky,E"]
[PlyCount "76"]
[EventDate "2016.07.23"]
[EventType "tourn"]
[EventRounds "9"]
[EventCountry "RUS"]
[EventCategory "18"]
[SourceTitle "CBM 175"]
[Source "ChessBase"]
[SourceDate "2016.11.10"]
[SourceVersion "1"]
[SourceVersionDate "2016.11.10"]
[SourceQuality "1"]

{Throughout the years I have played a lot of games with Dmitry. For some
reason, I usually got to play Black - and each time had to prepare a lot of
stuff: my opponent's native move is 1.e4, but in the last decade he has
included all the main first moves in his repertoire. Nevertheless, I managed
to guess what was about to happen in the actual game and to refresh and more
importantly to memorise some analysis in this topical line.} 1. Nf3 Nf6 2. c4
c5 3. Nc3 d5 4. cxd5 Nxd5 5. e4 Nb4 6. Bc4 Nd3+ 7. Ke2 Nxc1+ {A principled
reply, not favoured by theory till the present game.} ({The main line here is} 
7... Nf4+ 8. Kf1 {which was played among others in Sutovsky-Nepo (even
Russian-language natives can't manage to spell it in English, and I don't like
copy-pasting; luckily Ian is fine with being just Nepo). Now, you may ask if
it was really me who played that game? Yes, it has only happened twice that I
didn't open with 1.e4, but I really wanted to try this line with White having
in mind some important ideas. Luckily, all that was in Poikovsky, where the
classical time control (100/40 + 50' till the end with 30sec bonus from move 1)
is used - so you can allow yourself to step into uncharted territory.}) 8. Rxc1
a6 $1 9. d4 b5 10. Bd5 Ra7 {Very principled play by Black.} 11. Ne5 $1 ({
Now if White is slow, then after} 11. dxc5 e6 12. Bb3 Rd7 13. Qc2 Bb7 {Black
is doing great as ihe was in ... Jakovenko-Nepo (2012). However, preparing for
my game with Ian in 2013, I found a very powerful idea for White. The idea
that almost wins, unless Black finds a very narrow path, which is basically
impossible to find over the board. Impossible to find, but possible to know
it! So, this time I ventured to enter the line, knowing that White has a very
dangerous and beautiful idea, but being also quite sure about my own
ammunition...}) 11... e6 12. Bc6+ Ke7 {Black keeps on playing with fire, but
this is already forced. The Karpovesque king sortie is quite remarkable - but
executing it while Karpov himself was watching the game has a special value...
Emotions aside, things looks pretty grim for Black, but White's pieces are
hanging in the air, and the threat of f7-f6 is very difficult to parry.} 13.
Qd2 {Dmitry took a lot of time to play this. As he indicated afterwards, he
has analysed this position after the aforementioned game with Nepo, but
couldn't remember the details. Hardly surprising - I triple-checked the line
in the morning before the game and still wasn't sure about my ability to
reproduce it all on the board...} f6 14. Nd5+ {This one was played a tempo,
but I wasn't scared - we keep following my analysis, the one I hoped to use as
White against Nepo, back in 2013.} exd5 15. Rxc5 dxe4 16. Rhc1 Be6 17. Qe3 {
A minor gaffe from a brilliant but exhausted mind - Jakovenko had already used
more than an hour to reach this position, and here he doesn't find the
strongest move -} (17. d5 {after which the strongest} Qd6 18. Qe3 {could
transpose to the game. While after the immediate 17.Qe3 Black could force a
draw with 17...Qb6, which is an obvious choice, but only to a silicon mind!})
17... Qd6 (17... Qb6 18. Qxe4 Kd8 {and White has nothing better than} 19. Rd5+
Ke7 {and here several moves lead to a move repetition. Actually, I reached
this position calculating 17...Qb6, but was not sure it is harmless, and
decided to play 17...Qd6, which could transpose to the main line which knew
should hold for Black.}) 18. Qxe4 {This one is a big mistake. } ({Instead he
ought tohave played} 18. d5 Bf5 19. Rxb5 {and here Black needs to play an
enigmatic} Rd7 $3 {which leads to some crazy lines you'll certainly enjoy
checking yourself. Black holds there, but the lines are not that cut and dried,
so my guess is we will see some more games here. Although venturing to enter
this very line requires a lot of courage - from both sides!}) 18... Kd8 {
The most human.} ({Computers suggest that} 18... g6 {might be even stronger,
but I didn't even consider it, focussing on calculating the move in the text.
I am not sure if it was a correct approach - but as long as your main line
works it is OK.}) 19. Bb7 {The only realistic attempt. However White's
aesthetic play, although eye-pleasing, is not quite correct. Actually I
usually come to this conclusion from the opposite side of the board,
sacrificing some pieces just to realise that the concept was beautiful, but...}
fxe5 20. Rc8+ Bxc8 21. Rxc8+ Kd7 (21... Ke7 22. dxe5 {is much worse, as White
has Qh4-f4 perpetual here.}) 22. dxe5 {Here I had more than an hour on my
clock, and tried to calm down and calculate the lines. I realised that Black
must have a way to refute it, but somewhat unwisely was looking for a direct
refutation. Hence I rejected the logical 22...Qg6, and played} Qe6 $2 (22...
Qg6 $1 23. Qd5+ Bd6 24. Rxh8 Qh5+ {An important check, which I saw!} 25. Kf1
Qxe5 26. Qg8 Kc7 27. Bf3 {as the position seemed not that clear to me even
after I spotted} Kb6 {my king is exposed, he will get the pawn on h7, play g3..
. Rubbish! Black has an extra knight, and the king on b6 is fairly safe, so
converting it would not be a problem. But somehow I thought I might have a
cleaner and faster way...I dug into the position and "found" it.}) 23. f4 $1 {
Of course I expected this one when making my previous move, and was prepared
to meet it with...} Qg4+ (23... g6 24. Qd4+) (23... Ke7 24. f5) (23... Nc6 {
that was my original intention, but after} 24. Rxc6 Qg4+ 25. Ke3 Rxb7 26. e6+
$1 Ke7 27. Rxa6 $1 Rc7 28. Qe5 $1 {Black gets mated!}) 24. Ke3 Ke7 (24... Bc5+
25. Rxc5 Rd8 {looks safer, but I was playing for a win, whilst here after} 26.
Rd5+ Kc7 27. Rxd8 Rxb7 {White is clearly not worse - even if not better.} (
27... Kxd8 28. Qd4+)) 25. Rxb8 {Quite a logical move. } ({Of course, Dmitry,
who was down to the last five minutes, saw the line} 25. Qb4+ Kf7 26. Bd5+ Kg6
27. Rxf8 Rxf8 28. Qxf8 Nd7 {but it seemed to him, that White may not have
enough here. In fact, there are several roads which lead to Rome here, even if
Rome means a draw in this particular case. However, none of the lines
evaluated as 0.00 by the engine is simple and obvious. You are invited to
check it by yourself!}) 25... g5 {A powerful shot, which I found before
playing 24...Ke7 - now White has to find the only path to equality.} 26. f5 $2
{The losing mistake. But, honestly, nobody would have liked to play 26.g3 here.
Even if it is purely psychological. Look, Black played g7-g5, allowing his
bishop to enter the game, and you want me to play g2-g3, exposing my king?
Tough decision indeed - but it would have saved the game:} ({After} 26. g3 $3
gxf4+ 27. gxf4 {Black has a lot of checks, and I can even get the h2-pawn, but
at the end of the day - it all ends with the perpetual, as ...Bg7 is always
met by Qb4.}) 26... Qxe4+ 27. Kxe4 Bg7 {Just in time!} 28. f6+ Kd7 (28... Kf7
$2 {allows him to run away after} 29. Bd5+ Kg6 30. Rb6 {and White has enough
play for a draw.}) 29. Rxh8 Bxh8 {Black's rook and bishop are dominated, but
the extra material is bound to tell.} 30. Bd5 Rc7 31. Kf5 (31. b4 $1 {avoiding
the loss of the pawns, and covering the important c5-square was the move I
considered to be the most stubborn. Black is still winning after} Rc2 $1 32.
Kf5 Rf2+ $1 33. Kxg5 Rd2 $1 34. Bb3 Rxg2+ {but in general chances like b2-b4
should not be missed. Now I win comfortably.}) 31... a5 $1 {31...Rc2 was a
quicker way, but I wanted to prevent b2-b4, and to secure the c5-square for my
rook.} 32. Bf7 Kd8 33. Bh5 {Trying to maximize the pawn's potential, but it is
simply not enough.} Rc2 34. Bf3 g4 $1 35. Kxg4 Rxb2 36. Kf5 Rc2 {I also had
just a couple of minutes here, and played it safe. There was nothing wrong
with 37...Rxa2.} 37. Ke6 Ke8 $1 {Finally home!} 38. h4 Rxa2 {...and White
resigned. An exciting game, and a very memorable one, in spite of mutual
mistakes and inaccuracies. But fallor ergo sum, right?} 0-1

[Event "Olympiad-23"]
[Site "Buenos Aires"]
[Date "1978.11.08"]
[Round "13"]
[White "Tarjan, James Edward"]
[Black "Adamski, Jan"]
[Result "1-0"]
[WhiteElo "2510"]
[BlackElo "2470"]
[Annotator "Tarjan,J"]
[PlyCount "88"]
[EventDate "1978.10.25"]
[EventType "team-swiss"]
[EventRounds "14"]
[EventCountry "ARG"]
[SourceTitle "EXT 2002"]
[Source "ChessBase"]
[SourceDate "2001.11.25"]
[SourceVersion "1"]
[SourceVersionDate "2001.11.25"]
[SourceQuality "1"]
[WhiteTeam "US of America"]
[BlackTeam "Poland"]
[WhiteTeamCountry "USA"]
[BlackTeamCountry "POL"]

{Inf.26/77} 1. c4 Nf6 2. Nc3 c5 3. Nf3 d5 4. cxd5 Nxd5 5. e3 Nxc3 6. bxc3 g6 7.
Bb5+ Nd7 8. O-O Bg7 9. d4 O-O 10. Ba3 b6 11. Qb3 Qc7 12. Rfd1 a6 $1 $11 13. Be2
e6 (13... e5 $5) 14. Bb2 Bb7 15. a4 Rfd8 16. Rac1 Rac8 17. Nd2 Bd5 18. c4 Bb7
19. Nf3 cxd4 20. exd4 Bxf3 21. Bxf3 e5 22. Bd5 exd4 23. Bxf7+ $3 Kh8 (23...
Kxf7 24. c5+ Kf8 (24... Ke7 25. Re1+ {/\ cxb6+-}) (24... Kf6 25. Rxd4 $18) 25.
cxb6 Qe5 26. Ba3+ Ke8 27. b7 Rxc1 28. Rxc1 Bf8 29. Qg8 {/\ 30.Bb4, Re1++-; 30.
Kf1, Re1++-}) 24. Bxd4 $1 Nc5 25. Bxc5 Rxd1+ $6 26. Rxd1 bxc5 $2 (26... Qxc5)
27. Qh3 $1 Rd8 28. Rxd8+ Qxd8 29. g3 $18 g5 30. Bg6 h6 31. Be4 Qf8 32. Qd7 a5
33. Kg2 Kg8 34. Qe6+ $138 Kh8 35. Qg6 Kg8 36. Qe6+ Kh8 37. Qd7 Kg8 38. Qc7 Kh8
39. Qxa5 Bd4 40. f3 Qe7 41. Qb6 Qf6 42. Qxf6+ Bxf6 43. a5 Bd8 44. a6 Bb6 1-0

[Event "Reykjavik zt"]
[Site "Reykjavik"]
[Date "1995.??.??"]
[Round "3"]
[White "Hansen, Lars Bo"]
[Black "Hansen, Curt"]
[Result "0-1"]
[WhiteElo "2580"]
[BlackElo "2630"]
[Annotator "Tisdall,J"]
[PlyCount "72"]
[EventDate "1995.03.??"]
[EventType "swiss"]
[EventRounds "11"]
[EventCountry "ISL"]
[SourceTitle "CBM 047"]
[Source "ChessBase"]
[SourceDate "1995.08.01"]
[SourceVersion "1"]
[SourceVersionDate "1995.08.01"]
[SourceQuality "1"]

{One of the key clashes in the early stages of the Nordic zonal was between
top Danish GMs Curt and Lars Bo Hansen. After a violent duel of original ideas
favorite Curt took a vital win. This is my favorite game of the event.} 1. Nf3
Nf6 2. c4 c5 3. Nc3 Nc6 4. g3 g6 5. Bg2 d5 6. cxd5 Nxd5 7. d3 Bg7 8. Bd2 O-O 9.
Qc1 e5 10. Nxd5 Qxd5 11. h4 Bg4 12. Kf1 $5 {Original play. White protects the
Lg2 but keeps his rook on h1 to create attacking chances later.} Rfe8 13. Be3
Qd7 $5 14. Ng5 $5 {White refuses to capture on c5 when black would use the
c-file for counterattack, and instead prepares for his own action on the
h-line.} Rac8 15. h5 c4 $1 {Black insists on creating counterplay on the
c-file.} 16. hxg6 hxg6 17. dxc4 Nd4 18. Bd5 $5 {LB continues his assault, but
could also consider the transition to materialism:} (18. f3 $5 Bf5 (18... Nf5
$4 19. Bf2) 19. g4 Be6 (19... Nxe2 $5 20. Kxe2 Qd3+ 21. Kf2 Rxc4 22. Qg1 Rc2+
23. Kg3 e4 {is exciting but probably not really sound.}) 20. b3 b5 21. c5 b4
22. Ne4 {and the weakness of the d6-square may prevent black from having full
compensation for the pawn.}) 18... Bxe2+ 19. Kg1 Re7 20. b3 b5 $5 (20... Bxc4
$5 21. Bxc4 (21. bxc4 Ne2+) 21... b5 (21... Ne2+ {Now wins the queen too
dearly.}) 22. Bxd4 exd4 23. Nxf7 $1 bxc4 24. Nh6+ Kf8 {also led to
complications where black's slightly exposed king is probably less important
than the power of the rest of his position.}) 21. Qb1 bxc4 $1 {Looks dangerous,
but black has calculated deeply. The rest of the game was marked by severe
time pressure from both sides.} 22. Qxg6 {[#]} Bd3 $1 {Parrying the threat of
23.Th8+! mating.} (22... Nf3+ 23. Nxf3 Qxd5 24. Qh7+ Kf8 25. Bh6 {gives white
more chances.}) 23. Ne4 Ne2+ $1 {Not} (23... Qxd5 $2 24. Nf6+ Kf8 25. Rh8+ $1
Bxh8 26. Qg8#) 24. Kh2 (24. Kg2 Qxd5 {and the Se4 is pinned.}) 24... Bxe4 25.
Qxe4 Nc3 {Black has refuted the attack.} 26. Qh4 Nxd5 27. Rad1 cxb3 28. Kg1 $1
{Threatens Dh7+ followed by Lh6.} Qf5 $1 {Returns material to seize the
initiative.} 29. Rxd5 b2 30. Kh2 Rb7 31. g4 Qg6 32. Rd8+ Rxd8 33. Qxd8+ Bf8 34.
Kg3 b1=Q 35. Rh8+ (35. Rxb1 Rxb1 36. Bc5 Rg1+ 37. Kh2 Rxg4 {also wins for
black.}) 35... Kxh8 36. Qxf8+ Kh7 0-1